000 00630nam a22001817a 4500
003 UA-OsUOA
001 18763
007 ta
008 20040609b un ||||| |||| 00| 0 ukr d
100 _aСергієнко М.
942 _cSA
040 _aUA-OsUOA
_cUA-OsUOA
_dUA-OsUOA
245 _aЗ вірою в краще майбутнє
_b[Сарнен. район. орг. профспілки працівників освіти та науки - 60 р.]
300 _aС.3
955 _a0
773 0 _w0
_tСарненські новини
_dСарни
_d2004
_g№46/27 квіт./
650 7 _aКраєзнавча робота
_2UDC
999 _c304934
_d304934